000 00303nam a22001337a 4500
008 170616b xxu||||| |||| 00| 0 eng d
020 _a9780393928761
041 _aeng
080 _a32
100 _a20
101 _aSHP
245 _aESSENTIALS OF COMPARATIVE POLITICS
_cONEIL, P.H
942 _2udc
_cBK
999 _c17750
_d17750